JRE-IKST-016の採用駅 - Statistics

General Stats
  • This quiz has been taken 7 times
  • The average score is 15 of 18
Answer Stats
Answer % Correct
東京
100%
神田
100%
御茶ノ水
100%
立川
100%
高尾
100%
四ツ谷
83%
新宿
83%
中野
83%
高円寺
83%
吉祥寺
83%
日野
83%
西八王子
83%
荻窪
67%
西荻窪
67%
武蔵境
67%
国立
67%
東小金井
50%
武蔵小金井
50%
No matching quizzes found
Score Distribution
Percent of People with Each Score
Percentile by Number Answered
Your Score History
You have not taken this quiz